| 000 | 00653nam a22001817a 4500 | ||
|---|---|---|---|
| 003 | UA-OsUOA | ||
| 001 | 15196 | ||
| 007 | ta | ||
| 008 | 20031102b un ||||| |||| 00| 0 ukr d | ||
| 100 | _aВасилишин М. | ||
| 942 | _cSA | ||
| 040 |
_aUA-OsUOA _cUA-OsUOA _dUA-OsUOA |
||
| 245 |
_aУ Користі матимуть користь із... Мальви _b[С-г-кий кооператив "Коростівський" Корец. р-ну вирощує лікар. рослину - мальву] |
||
| 300 | _aС.4 | ||
| 955 | _a0 | ||
| 773 | 0 |
_w0 _tОго _dРівне _d2003 _g№129/31 лип./ |
|
| 650 | 7 |
_aКвітникарство _2UDC |
|
| 999 |
_c301361 _d301361 |
||